| 000 | 01058nam a22002297a 4500 | ||
|---|---|---|---|
| 003 | DO-SdBNP | ||
| 005 | 20240305130443.0 | ||
| 007 | ta | ||
| 008 | 201124b 2002 dr 00| 0 eng d | ||
| 040 |
_aDO-SdBNP _bspa _cBNPHU |
||
| 082 | 4 | _222 | |
| 100 | 1 |
_aIsa Conde, Narciso, _d1942- _912387 |
|
| 245 | 1 | 0 |
_aRescatar sus enseñanzas : _bpara que Abril tenga futuro / _cNarciso Isa Conde. |
| 260 |
_aSanto Domingo : _bPubliguías, _c2002. |
||
| 300 |
_a72 p. : _c22 cm. |
||
| 505 | 0 |
_aDedicatoria -- _tIntroducción -- _tAntecedentes de la Insurrección de Abril -- _tLas Izquierdas y el PRD en plena insurrección -- _tEnseñanzas a recuperar -- _tUn nuevo Abril tendrá que resurgir -- _t¿Reconciliación? _tDemocracia : pasado, presente y futuro -- _tCrisis de credibilidad en la democracia irreal -- _tLas vicisitudes de las izquierdas -- _tClaves para su recuperación. |
|
| 590 | _aInventariado, 2020 /LP | ||
| 650 | 4 |
_aSocialismo _zRepública Dominicana _979073 |
|
| 650 | 4 |
_aRevoluciones _zRepública Dominicana _979074 |
|
| 910 | _aD/G | ||
| 942 |
_2ddc _cLBS1 |
||
| 999 |
_c49196 _d49196 |
||